00341nam a2200133 a 45000010010000000030011000100080041000210350026000620820017000881000018001052450023001232600051001466500010001970000-9306ELIB.Books110520 1960  a(ELIB.Books)0000-9458 a220.71 bSoh aSohn, Otto E. aWhat's the Answer? bSaint Louis; Concordia Publishing house c1960 aBible